[Event "TORNEIO DE XADREZ DE NATAL - CMIL 2018"]
[Site "AV. RIO BRANCO 251 - 4º ANDAR - CENTRO - RIO DE JANEIRO - RJ"]
[Date "2018.12.06"]
[Round "5"]
[Board "3"]
[White "Tarcisio D. F. Leite, "]
[Black "Jorge Macario, "]
[Result "1-0"]
[WhiteElo "1965"]
[BlackElo "2025"]
[PlyCount "57"]
[EventDate "2018.11.22"]
[EventRounds "6"]
[EventCountry "BRA"]

1. e4 c6 2. d4 d5 3. f3 e6 4. e5 Nd7 5. Bd3 c5 6. c3 cxd4 7. cxd4 a6 8. f4 g6
9. Nf3 Bg7 10. O-O Ne7 11. Nc3 O-O 12. Kh1 b5 13. Bd2 Bb7 14. Rc1 Qb6 15. g4 f6
16. Ne2 fxe5 17. fxe5 Rf7 18. Ng5 Rxf1+ 19. Qxf1 h6 20. Qf7+ Kh8 21. Nxe6 Rg8
22. Qxe7 Nxe5 23. Nxg7 Nxd3 24. Rc7 Nf2+ 25. Kg2 Bc8 26. Ne8 Qxc7 27. Nxc7 Nxg4
28. Ne6 g5 29. h3  1-0

[Event "TORNEIO DE XADREZ DE NATAL - CMIL 2018"]
[Site "AV. RIO BRANCO 251 - 4º ANDAR - CENTRO - RIO DE JANEIRO - RJ"]
[Date "2018.12.06"]
[Round "5"]
[Board "4"]
[White "J. Claide T. Barros, "]
[Black "Oscar S. Tiburcio, "]
[Result "1-0"]
[WhiteElo "1932"]
[BlackElo "1800"]
[PlyCount "53"]
[EventDate "2018.11.22"]
[EventRounds "6"]
[EventCountry "BRA"]

1. e4 c5 2. Nf3 d6 3. d3 Bg4 4. g3 e5 5. Bg2 Nf6 6. O-O Be7 7. Nbd2 Nc6 8. h3
Be6 9. c3 Qd7 10. Ng5 Bd8 11. Nxe6 fxe6 12. Nb3 Bb6 13. Kh2 O-O 14. Be3 Ne7 15.
c4 Rac8 16. a4 a5 17. Nd2 Bc7 18. Qb3 Qc6 19. f4 Nd7 20. f5 Nb6 21. fxe6 Rfe8
22. Qb5 Qxb5 23. axb5 Ra8 24. h4 Ng6 25. Rf7 Re7 26. Raf1 Rae8 27. Bg5  1-0

[Event "TORNEIO DE XADREZ DE NATAL - CMIL 2018"]
[Site "AV. RIO BRANCO 251 - 4º ANDAR - CENTRO - RIO DE JANEIRO - RJ"]
[Date "2018.12.06"]
[Round "5"]
[Board "5"]
[White "Edvaldo O. Farias, "]
[Black "Renato L. de Carvalho, "]
[Result "1-0"]
[WhiteElo "1890"]
[BlackElo "2160"]
[PlyCount "73"]
[EventDate "2018.11.22"]
[EventRounds "6"]
[EventCountry "BRA"]

1. e4 c5 2. Nf3 Nc6 3. Nc3 e6 4. Bc4 Nf6 5. O-O Be7 6. Re1 d5 7. exd5 exd5 8.
Bb5 Bd7 9. d4 O-O 10. Bxc6 Bxc6 11. Ne5 Rc8 12. Nxc6 Rxc6 13. Bg5 cxd4 14. Qxd4
Bc5 15. Qh4 Qb6 16. Nd1 Ne4 17. Be3 Rf6 18. Bxc5 Qxc5 19. Re2 h6 20. Rc1 g5 21.
Qh3 Kg7 22. Ne3 Rh8 23. Nf5+ Kg6 24. Ne3 Rf4 25. Nd1 g4 26. Qd3 f5 27. Qe3 Qd6
28. g3 Rf3 29. Qd4 Rc8 30. c3 Rc4 31. Qh8 Qe6 32. Ne3 Nxf2 33. Nxc4 Nh3+ 34.
Kh1 Qxe2 35. Ne5+ Kh5 36. Qe8+ Kg5 37. Qg6#  1-0

[Event "TORNEIO DE XADREZ DE NATAL - CMIL 2018"]
[Site "AV. RIO BRANCO 251 - 4º ANDAR - CENTRO - RIO DE JANEIRO - RJ"]
[Date "2018.12.06"]
[Round "5"]
[Board "6"]
[White "J. Eudes de Oliveira, "]
[Black "Salomão Rovedo,"]
[Result "1/2-1/2"]
[WhiteElo "1900"]
[BlackElo "1836"]
[PlyCount "115"]
[EventDate "2018.11.22"]
[EventRounds "6"]
[EventCountry "BRA"]

1. d4 Nf6 2. Nf3 g6 3. c3 Bg7 4. Bg5 O-O 5. Nbd2 d5 6. e3 Bf5 7. Be2 Ne4 8.
Nxe4 Bxe4 9. O-O Nd7 10. Re1 Re8 11. Nd2 h6 12. Bh4 g5 13. Bg3 e5 14. f3 Bg6
15. dxe5 Nxe5 16. Bf1 c5 17. Nb3 b6 18. Bb5 Re6 19. h3 a6 20. Bf1 Nc6 21. Rc1
c4 22. Nd4 Nxd4 23. exd4 Qe7 24. Qd2 Re8 25. Rxe6 Qxe6 26. Re1 Qd7 27. f4 Rxe1
28. Qxe1 Be4 29. fxg5 hxg5 30. Be2 f5 31. Qd2 Qe7 32. Kf2 Qf6 33. Be5 Qg6 34.
Bxg7 Kxg7 35. Bf3 Qf6 36. Kg1 Kg6 37. Qe2 Qd6 38. Qf2 Qf4 39. Bxe4 fxe4 40. g3
Qc1+ 41. Kg2 e3 42. Qe2 Qd2 43. Kf3 Qc1 44. Qxe3 Qf1+ 45. Qf2 Qxh3 46. Ke3 Qe6+
47. Kd2 Qf5 48. Qe2 Kf6 49. g4 Qf4+ 50. Kd1 b5 51. a3 a5 52. Ke1 Kf7 53. Kd1 a4
54. Kc2 Kf6 55. Kd1 Kf7 56. Ke1 Qc1+ 57. Kf2 Qf4+ 58. Kg2  1/2-1/2

[Event "TORNEIO DE XADREZ DE NATAL - CMIL 2018"]
[Site "AV. RIO BRANCO 251 - 4º ANDAR - CENTRO - RIO DE JANEIRO - RJ"]
[Date "2018.12.06"]
[Round "5"]
[Board "7"]
[White "Jose Henrique Mangini, "]
[Black "Guilherme Calmbach, "]
[Result "0-1"]
[WhiteElo "1800"]
[BlackElo "1900"]
[PlyCount "104"]
[EventDate "2018.11.22"]
[EventRounds "6"]
[EventCountry "BRA"]

1. d4 Nf6 2. Nc3 e6 3. Nf3 c5 4. Bg5 Be7 5. Bxf6 Bxf6 6. d5 Qa5 7. e4 Bxc3+ 8.
bxc3 Qxc3+ 9. Nd2 exd5 10. exd5 Qe5+ 11. Be2 O-O 12. O-O Qxd5 13. Bf3 Qg5 14.
Ne4 Qe5 15. Re1 Nc6 16. Nd6 Qd4 17. Qxd4 Nxd4 18. Re8 Nxf3+ 19. gxf3 Rxe8 20.
Nxe8 d5 21. Nc7 Rb8 22. Nxd5 Be6 23. Nc7 Bf5 24. c3 b6 25. Kg2 Rd8 26. Re1 Kf8
27. a4 f6 28. Kg3 Bc2 29. Ne6+ Ke7 30. Nxd8+ Kxd8 31. h4 Bxa4 32. Ra1 b5 33. c4
a6 34. Kf4 g6 35. Ke4 Bc2+ 36. Kd5 b4 37. Rxa6 Ke7 38. Ra7+ Kf8 39. Ke6 b3 40.
Kxf6 Ke8 41. Rb7 Bd1 42. Rxb3 Bxb3 43. Ke5 Bxc4 44. Kd6 Kf7 45. Kxc5 Be2 46. f4
Ke6 47. Kd4 Kf5 48. Ke3 Bb5 49. Kf3 Be2+ 50. Kg3 Ke4 51. f5 Kxf5 52. f4 Bg4  0-1

[Event "TORNEIO DE XADREZ DE NATAL - CMIL 2018"]
[Site "AV. RIO BRANCO 251 - 4º ANDAR - CENTRO - RIO DE JANEIRO - RJ"]
[Date "2018.12.06"]
[Round "5"]
[Board "8"]
[White "Celso J. D. da Silva, "]
[Black "Napoleao Rolim, "]
[Result "1-0"]
[WhiteElo "1838"]
[BlackElo "1874"]
[PlyCount "81"]
[EventDate "2018.11.22"]
[EventRounds "6"]
[EventCountry "BRA"]

1. e4 e5 2. Nf3 d6 3. Bc4 Be7 4. d4 Nf6 5. Nc3 exd4 6. Nxd4 O-O 7. O-O Nbd7 8.
Bg5 Ne5 9. Bd3 Bg4 10. f3 Bd7 11. h3 c5 12. Ndb5 c4 13. Be2 Qb6+ 14. Nd4 Nc6
15. Be3 Qxb2 16. Nxc6 Bxc6 17. Bd4 Qa3 18. Bxc4 d5 19. exd5 Ba4 20. Kh1 Nh5 21.
Re1 b5 22. Bb3 Bh4 23. Re5 Ng3+ 24. Kg1 Qd6 25. Bxa4 bxa4 26. Nxa4 Rfc8 27. Qd3
Bf6 28. Ree1 Nh5 29. Bxf6 Qxf6 30. c4 Nf4 31. Qe4 h6 32. Qe5 Rxc4 33. Qxf6 gxf6
34. Re4 Rxe4 35. fxe4 Rc8 36. Rf1 Ne2+ 37. Kh2 Kg7 38. Rf2 Nc1 39. Rd2 f5 40.
e5 Rc4 41. d6  1-0

[Event "TORNEIO DE XADREZ DE NATAL - CMIL 2018"]
[Site "AV. RIO BRANCO 251 - 4º ANDAR - CENTRO - RIO DE JANEIRO - RJ"]
[Date "2018.12.11"]
[Round "6"]
[Board "1"]
[White "Wagner S. Morais, "]
[Black "Juarez A. de C. Lima, "]
[Result "0-1"]
[WhiteElo "2088"]
[BlackElo "2193"]
[PlyCount "132"]
[EventDate "2018.11.22"]
[EventRounds "6"]
[EventCountry "BRA"]

1. d4 e6 2. e3 Nf6 3. Bd3 d6 4. Nf3 Nbd7 5. e4 e5 6. d5 Be7 7. c4 O-O 8. Nc3
Nc5 9. h3 b6 10. Be3 Bd7 11. Bc2 c6 12. b4 Nb7 13. O-O Rc8 14. Qd2 cxd5 15.
cxd5 Qc7 16. Bd3 Qxc3 17. Qe2 Qc7 18. Rfc1 Qb8 19. Ne1 Rxc1 20. Rxc1 Rc8 21.
Rb1 Rc7 22. f3 Nd8 23. b5 Nb7 24. Nc2 Na5 25. Nb4 Qe8 26. a4 Nh5 27. Nc6 Bxc6
28. bxc6 Nf4 29. Qd2 Bg5 30. Bf1 Bh6 31. g3 Ng6 32. Bxh6 gxh6 33. Qxh6 Qf8 34.
Qg5 h6 35. Qg4 Qg7 36. h4 Ne7 37. Qh3 f5 38. Rb4 f4 39. Qe6+ Kh7 40. Qxd6 Nc8
41. Qd8 Qxg3+ 42. Bg2 Rg7 43. Rb2 Nc4 44. Rc2 N4d6 45. Qf6 Re7 46. Kf1 Qg6 47.
Qxg6+ Kxg6 48. Bh3 Kf6 49. Rg2 Rg7 50. Bg4 Ke7 51. c7 Kf8 52. Rc2 Ke7 53. Rc6
Rg8 54. Ke2 a6 55. Kd3 a5 56. h5 Rf8 57. Rc1 b5 58. axb5 Nxb5 59. Rc6 Nbd6 60.
Ra6 Rf6 61. Rxa5 Nb6 62. Ra6 Ndc8 63. Ra5 Kd6 64. Ra1 Kxc7 65. Rc1+ Kb7 66. Bf5
Ne7  0-1

[Event "TORNEIO DE XADREZ DE NATAL - CMIL 2018"]
[Site "AV. RIO BRANCO 251 - 4º ANDAR - CENTRO - RIO DE JANEIRO - RJ"]
[Date "2018.12.11"]
[Round "6"]
[Board "2"]
[White "Tarcisio D. F. Leite, "]
[Black "Edvaldo O. Farias, "]
[Result "1-0"]
[WhiteElo "1965"]
[BlackElo "1890"]
[PlyCount "83"]
[EventDate "2018.11.22"]
[EventRounds "6"]
[EventCountry "BRA"]

1. d4 Nf6 2. Nf3 d5 3. Bf4 Bf5 4. e3 a6 5. Nbd2 e6 6. Ne5 Nbd7 7. Ndf3 h6 8.
Bd3 Bxd3 9. Qxd3 Ne4 10. Qe2 c5 11. c3 cxd4 12. exd4 Qb6 13. O-O Be7 14. Rad1
Rb8 15. Qd3 O-O 16. Nxd7 Qd8 17. Nxf8 Bxf8 18. Nd2 Nd6 19. Qg3 Nf5 20. Qg4 g5
21. Nf3 f6 22. Bd2 Bg7 23. h4 Qe8 24. hxg5 h5 25. Qh3 Qg6 26. Nh4 Nxh4 27. Qxh4
f5 28. Bf4 Re8 29. Rfe1 Kf7 30. Re2 b6 31. Rde1 b5 32. Bc7 b4 33. f4 bxc3 34.
bxc3 Re7 35. Be5 Rb7 36. Bxg7 Kxg7 37. Qf2 Rd7 38. Rb2 Kf7 39. Rb6 a5 40. Qb2
Kg7 41. Qb5 Qf7 42. Qxa5  1-0

[Event "TORNEIO DE XADREZ DE NATAL - CMIL 2018"]
[Site "AV. RIO BRANCO 251 - 4º ANDAR - CENTRO - RIO DE JANEIRO - RJ"]
[Date "2018.12.11"]
[Round "6"]
[Board "3"]
[White "Ronaldo G. Cabral, "]
[Black "Antonio M. R. Horta, "]
[Result "1/2-1/2"]
[WhiteElo "2218"]
[BlackElo "2050"]
[PlyCount "51"]
[EventDate "2018.11.22"]
[EventRounds "6"]
[EventCountry "BRA"]

1. e4 e6 2. d4 c5 3. Nf3 cxd4 4. Nxd4 Nf6 5. Bd3 Nc6 6. Be3 d5 7. Nxc6 bxc6 8.
exd5 Nxd5 9. Bd2 Qh4 10. O-O Bd6 11. g3 Qh3 12. Re1 h5 13. Bf1 Qf5 14. Bd3 Qh3
15. Bf1 Qg4 16. c4 Qxd1 17. Rxd1 Nf6 18. Bg2 Bb7 19. Ba5 Ke7 20. Nc3 Rab8 21.
Rd3 h4 22. Rad1 Be5 23. f4 Bxc3 24. bxc3 hxg3 25. Bb4+ Ke8 26. hxg3  1/2-1/2

[Event "TORNEIO DE XADREZ DE NATAL - CMIL 2018"]
[Site "AV. RIO BRANCO 251 - 4º ANDAR - CENTRO - RIO DE JANEIRO - RJ"]
[Date "2018.12.11"]
[Round "6"]
[Board "4"]
[White "J. Claide T. Barros, "]
[Black "J. Eudes de Oliveira, "]
[Result "1-0"]
[WhiteElo "1932"]
[BlackElo "1900"]
[PlyCount "79"]
[EventDate "2018.11.22"]
[EventRounds "6"]
[EventCountry "BRA"]

1. e4 c5 2. Nf3 d6 3. d3 Nf6 4. g3 e5 5. Bg2 Be7 6. O-O O-O 7. Re1 Nc6 8. Nbd2
Rb8 9. c3 h6 10. Nf1 Be6 11. Ne3 Qd7 12. Nh4 Bd8 13. c4 Nd4 14. Nd5 b5 15. f4
Bg4 16. Nf3 bxc4 17. dxc4 Nxd5 18. cxd5 exf4 19. Bxf4 Rxb2 20. Qd3 Bxf3 21.
Bxf3 Bf6 22. e5 dxe5 23. Bxe5 Bxe5 24. Rxe5 Rfb8 25. Rae1 g6 26. Bg2 Rxa2 27.
Re7 Qd6 28. Qf1 f5 29. R1e6 Nxe6 30. Rxe6 Qf8 31. Rxg6+ Kh7 32. Re6 Rbb2 33.
Bh3 Rxh2 34. Bxf5+ Kg7 35. Rg6+ Kh8 36. g4 Qb8 37. d6 Qb4 38. Rg8+ Kxg8 39.
Be6+ Kh8 40. Qf8+  1-0

[Event "TORNEIO DE XADREZ DE NATAL - CMIL 2018"]
[Site "AV. RIO BRANCO 251 - 4º ANDAR - CENTRO - RIO DE JANEIRO - RJ"]
[Date "2018.12.11"]
[Round "6"]
[Board "5"]
[White "Jorge Macario, "]
[Black "Oscar S. Tiburcio, "]
[Result "1-0"]
[WhiteElo "2025"]
[BlackElo "1800"]
[PlyCount "93"]
[EventDate "2018.11.22"]
[EventRounds "6"]
[EventCountry "BRA"]

1. b4 e5 2. Bb2 d6 3. e3 Be6 4. c4 Nf6 5. Nc3 Nbd7 6. Nf3 Bg4 7. Be2 Be7 8. a3
Nb6 9. Qc2 Bxf3 10. gxf3 Qd7 11. a4 d5 12. Qb3 dxc4 13. Bxc4 O-O-O 14. O-O-O
Nxc4 15. Qxc4 Qd3 16. Qxd3 Rxd3 17. b5 Bb4 18. Rhg1 Rg8 19. Rg5 Rdd8 20. Rxe5
Bd6 21. Rf5 Bb4 22. Ne4 Nxe4 23. fxe4 f6 24. Kc2 Rd6 25. Bc3 Bxc3 26. Kxc3 c6
27. Rc5 Rgd8 28. d4 Kb8 29. Kc4 Re8 30. f3 Red8 31. Rb1 Rc8 32. d5 Kc7 33. a5
Kd7 34. h4 cxd5+ 35. exd5 Rxc5+ 36. Kxc5 g5 37. hxg5 b6+ 38. axb6 axb6+ 39. Kd4
fxg5 40. Rh1 h6 41. e4 Rf6 42. Ke3 Kd6 43. Rc1 h5 44. Rc6+ Ke7 45. Rxf6 Kxf6
46. Kf2 Ke5 47. Kg3  1-0

[Event "TORNEIO DE XADREZ DE NATAL - CMIL 2018"]
[Site "AV. RIO BRANCO 251 - 4º ANDAR - CENTRO - RIO DE JANEIRO - RJ"]
[Date "2018.12.11"]
[Round "6"]
[Board "6"]
[White "Guilherme Calmbach, "]
[Black "Celso J. D. da Silva, "]
[Result "1-0"]
[WhiteElo "1900"]
[BlackElo "1838"]
[PlyCount "101"]
[EventDate "2018.11.22"]
[EventRounds "6"]
[EventCountry "BRA"]

1. e4 e5 2. f4 Nc6 3. Nf3 d6 4. Bc4 Be7 5. O-O Nf6 6. Nc3 Bg4 7. h3 Bh5 8. g4
Nxg4 9. hxg4 Bxg4 10. Bb5 Bh4 11. Ne2 Bh3 12. Nxh4 Qxh4 13. Qe1 Qg4+ 14. Qg3
Qxg3+ 15. Nxg3 Bxf1 16. Nxf1 O-O 17. Bxc6 bxc6 18. fxe5 dxe5 19. b3 f5 20. Ba3
Rf7 21. exf5 Rxf5 22. Ne3 Rg5+ 23. Kf2 Re8 24. Rg1 Rh5 25. Ng4 Re6 26. Ke3 Rg6
27. Rf1 h6 28. Rf8+ Kh7 29. Nf2 Rf6 30. Ng4 Rxf8 31. Bxf8 Rf5 32. Bc5 h5 33.
Nh2 a6 34. Ke4 g6 35. Nf3 Rf4+ 36. Ke3 h4 37. Be7 h3 38. Ng5+ Kg7 39. Nxh3 Rf7
40. Bc5 Kf6 41. Ke4 g5 42. Nf2 Ke6 43. Be3 Rf4+ 44. Bxf4 exf4 45. Nd3 Kf6 46.
Nb4 Kg6 47. Nxc6 Kh5 48. Ne5 Kh4 49. Kf3 Kh5 50. d4 c6 51. c4  1-0

[Event "TORNEIO DE XADREZ DE NATAL - CMIL 2018"]
[Site "AV. RIO BRANCO 251 - 4º ANDAR - CENTRO - RIO DE JANEIRO - RJ"]
[Date "2018.12.11"]
[Round "6"]
[Board "7"]
[White "Renato L. de Carvalho, "]
[Black "Salomão Rovedo,"]
[Result "1-0"]
[WhiteElo "2160"]
[BlackElo "1836"]
[PlyCount "49"]
[EventDate "2018.11.22"]
[EventRounds "6"]
[EventCountry "BRA"]

1. e4 e5 2. Nf3 Nf6 3. Nc3 d6 4. Bc4 Be7 5. d4 O-O 6. dxe5 dxe5 7. Qxd8 Bxd8 8.
Nxe5 Nbd7 9. Nxd7 Bxd7 10. Be3 Ng4 11. Bf4 Bf6 12. Nd5 Ne5 13. Nxf6+ gxf6 14.
Bb3 Be6 15. h3 c6 16. Rd1 Rad8 17. Rxd8 Rxd8 18. Bxe6 fxe6 19. Bxe5 fxe5 20.
Ke2 Kf7 21. Rd1 Rd4 22. Rxd4 exd4 23. f4 Kf6 24. Kd3 c5 25. b4  1-0

[Event "TORNEIO DE XADREZ DE NATAL - CMIL 2018"]
[Site "AV. RIO BRANCO 251 - 4º ANDAR - CENTRO - RIO DE JANEIRO - RJ"]
[Date "2018.12.11"]
[Round "6"]
[Board "8"]
[White "Napoleao Rolim, "]
[Black "Jose Henrique Mangini, "]
[Result "0-1"]
[WhiteElo "1874"]
[BlackElo "1800"]
[PlyCount "44"]
[EventDate "2018.11.22"]
[EventRounds "6"]
[EventCountry "BRA"]

1. d4 e6 2. e3 d5 3. c3 Bd6 4. Bd3 Ne7 5. Nd2 O-O 6. f4 Nf5 7. Bxf5 exf5 8.
Ngf3 Qe7 9. Nf1 Bxf4 10. Qe2 Bd6 11. Ng3 Nc6 12. O-O f4 13. exf4 Qd8 14. Ne5
Bxe5 15. fxe5 Bd7 16. Qh5 g6 17. Qh6 Re8 18. Qf4 Kg7 19. Qxf7+ Kh8 20. Qf3 Rf8
21. Qe3 Be6 22. Rxf8+ Qxf8  0-1